| 000 | nam a22 7a 4500 | ||
|---|---|---|---|
| 999 |
_c331542 _d331542 |
||
| 003 | NUST | ||
| 005 | 20171004110657.0 | ||
| 008 | 171004b xxu||||| |||| 00| 0 eng d | ||
| 040 | _cNUST | ||
| 082 | _a302.23 | ||
| 100 |
_aJaved,Amina, Shinwari,Anousha, & Sirhindi,Fatima _95186 |
||
| 245 | _aRozgaar | ||
| 260 |
_aIslamabad _c2016 |
||
| 300 | _a39p | ||
| 942 |
_2ddc _cTH |
||